ERROR Konverze - Nevyplneno 245

Salvato in:
Dettagli Bibliografici
Natura: Periodico
Pubblicazione: 1987
Tags: Aggiungi Tag
Nessun Tag, puoi essere il primo ad aggiungerne!!

MARC

LEADER 00000nas a22000003a 4500
001 stu72042
005 20141121231247.4
008 011106s1987----------------------------d
040 |a STU  |b slo 
041 0
245 1 |a ERROR Konverze - Nevyplneno 245 
260 |c 1987 
500 |a 1987 
500 |a 12 
500 |a 1-12 
773 0 |w stu_us_cat*stu72035  |7 nnas 
996 |d Roč. 30, 1987  |v Roč. 30  |y 1987  |l II680  |s A  |a 24  |w stu72042_0005